Online
Catalog

La neige brûle / (Record no. 18289)

MARC details
000 -CABECERA
campo de control de longitud fija 00421cam a2200157 i 4500
001 - NÚMERO DE CONTROL
campo de control 000018769
005 - FECHA Y HORA DE LA ÚLTIMA TRANSACCIÓN
campo de control 20200929165844.0
008 - DATOS DE LONGITUD FIJA--INFORMACIÓN GENERAL
campo de control de longitud fija 781006s1977 fr 000 1 fre
020 ## - NÚMERO INTERNACIONAL ESTÁNDAR DEL LIBRO
Número Internacional Estándar del Libro 2246005183
040 ## - FUENTE DE LA CATALOGACIÓN
Centro catalogador/agencia de origen DO-SdBNP
Lengua de catalogación spa
Centro/agencia transcriptor BNPHU
082 ## - NÚMERO DE LA CLASIFICACIÓN DECIMAL DEWEY
Número de clasificación xxxx
Número de documento/Ítem D288n
100 1# - ENTRADA PRINCIPAL--NOMBRE DE PERSONA
Nombre de persona Debray, Régis.
9 (RLIN) 40492
245 13 - MENCIÓN DE TÍTULO
Título La neige brûle /
Mención de responsabilidad, etc. Regis Debray.
260 ## - PUBLICACIÓN, DISTRIBUCIÓN, ETC.
Lugar de publicación, distribución, etc. Paris :
Nombre del editor, distribuidor, etc. Bernard Grasset,
Fecha de publicación, distribución, etc. 1977.
300 ## - DESCRIPCIÓN FÍSICA
Extensión 281 p. ;
Dimensiones 21 cm.
Holdings
Estado de retiro Estado de pérdida Restricciones de uso No para préstamo Código de colección Localización permanente Ubicación/localización actual Ubicación en estantería Fecha de adquisición Número de inventario Total de préstamos Signatura topográfica completa Código de barras Fecha visto por última vez Precio válido a partir de Tipo de ítem Koha
      Excluido de préstamo Monografías: Libros y Folletos General General En catalogación 18.05.2010 LF1   xxxx D288n 18769-10 25.06.2020 25.06.2020 No se presta

Powered by Koha